|
|
|
|
| LEADER |
00688nam a22002051a 4500 |
| 020 |
|
|
|c 0.00
|
| 040 |
|
|
|a SSUS - Library - Kalady
|
| 082 |
|
|
|a S103 207
|b SUS/B
|
| 100 |
|
|
|a Sushma Snatika
|
| 245 |
|
|
|a Brihatrayi aur laghutrayi par vaidik prabhav
|h [Text]
|
| 260 |
|
|
|a Delhi
|b Bharatiya Vidya Prakashan
|c 1992
|
| 300 |
|
|
|a 231p.
|
| 600 |
|
|
|a Poetry Epic Sanskrit
|
| 600 |
|
|
|a Literature
|
| 600 |
|
|
|a Poetry Epic Sanskrit Study
|
| 600 |
|
|
|a Literature Sanskrit
|
| 852 |
|
|
|h S103 207
|i SUS/B
|p 060575
|9 150.00
|t 0
|
| 942 |
|
|
|c BK
|
| 999 |
|
|
|c 6108
|d 6108
|
| 952 |
|
|
|0 0
|1 0
|4 0
|6 S_103_207000000000000_SUS_B
|7 0
|9 9369
|a SSUS
|b SSUS
|d 2015-01-08
|g 150.00
|o S103 207 SUS/B
|p 060575
|r 2015-01-08
|v 0.00
|w 2015-01-08
|y BK
|